| 000 | 00945nas a2200313 4500 | ||
|---|---|---|---|
| 001 | BR2013004523 | ||
| 003 | BR-BrBNA | ||
| 005 | 20231205122511.0 | ||
| 007 | ta | ||
| 008 | 230509b bl.|||p| |||| 00| 00por d | ||
| 040 |
_aBR-BrBNA _bpor _cBiblioteca Nacional de Agricultura |
||
| 041 | _a(Pt) | ||
| 072 | _aJ11 | ||
| 100 | 1 | _aMendonça, R.D. | |
| 100 | 1 | _aFerreira, K.S. | |
| 100 | 1 | _aSouza, L.M. de | |
| 100 | 1 | _aMarinho, C.S. | |
| 100 | 1 | _aTeixeira, S.L. | |
| 245 | 1 | _aCaracteristicas físicas e químicas de goiabas 'Cortibel 1' e 'Cortibel 4' armazenadas em condições ambientais | |
| 650 | _aFRUTA | ||
| 650 | _aTECNOLOGIA APROPRIADA | ||
| 650 | _aGOIABA | ||
| 650 | _aPÓS-COLHEITA | ||
| 650 | _aVIDA DE PRATELEIRA | ||
| 650 | _aARMAZENAMENTO | ||
| 773 | 0 |
_tBragantia (Brazil) _xISSN 0006-8705 _g(Oct-Dec 2007), v. 66(4) p. 685-692 _wBR2013004523 |
|
| 909 |
_a202311 _bLúcia _c55 _dLúcia Elande |
||
| 942 |
_2AGRIS _n0 _cANA |
||
| 999 |
_c228978 _d228978 |
||